000 00431nam a2200181Ia 4500
001 4338
005 20260306145748.0
008 260306t2001||||xx |||||||||||||| ||spa||
041 _aESP
082 _a325.240985
_bB73
100 _aBonfiglio, Giovanni
_eAUT
245 0 _aLa presencia europea en el Perú
260 _c2001
300 _a381 páginas :
_c20 cm.
650 _aGEN
654 _aCHU
942 _cLIB
_dJUS
_fJUS
_2ddc
_n
999 _c4338
_d4338